Wiedza ogólna o świecie #8 - Statystyki

Ogólne statystyki
  • Ten quiz został rozwiązany 131 razy
  • Średni wynik to 10 z 15
Statystyki odpowiedzi
Pytanie Odpowiedź % Poprawnych
Jak nazywa się proces zmiany wody w parę wodną? Parowanie
95%
W którym kraju znajduje się Krzywa Wieża w Pizie? Włochy
83%
Ile zawodników liczy drużyna piłkarska na boisku? 11
82%
Jak nazywa się starożytny rzymski amfiteatr znajdujący się w Rzymie? Koloseum
78%
Które państwo jest największym producentem kawy na świecie? Brazylia
77%
Jak nazywa się proces, w którym rośliny przekształcają światło słoneczne w energię? Fotosynteza
77%
Które miasto jest stolicą Meksyku? Meksyk
77%
W którym kraju wynaleziono papier? Chiny
76%
Jaka jest jednostka masy w układzie SI? Kilogram
69%
Jakie warzywo jest podstawowym składnikiem tradycyjnej zupy gazpacho? Pomidor
59%
Z jakiego języka pochodzi słowo „karaoke”? Japońskiego
55%
Które miasto było gospodarzem pierwszych nowożytnych Igrzysk Olimpijskich w 1896 roku? Ateny
54%
Jak nazywa się najstarsza monoteistyczna religia świata? Judaizm
51%
Który owoc jest znany jako „król owoców” i ma bardzo silny zapach? Durian
45%
Które miasto jest znane jako „Miasto Świateł”? Paryż
33%
Nie znaleziono quizów pasujących do podanych kryteriów
Rozkład punktacji
Procent ludzi z każdym wynikiem
Percentyl według liczby udzielonych odpowiedzi
Twoja historia wyników
Nie rozwiązałeś tego quizu